[Event "Tbilisi Maia Cup rapid"]
[Site "Tbilisi"]
[Date "2019.09.06"]
[Round "6"]
[White "Magalashvili, Davit"]
[Black "Jojua, Davit"]
[Result "1-0"]
[WhiteElo "2500"]
[BlackElo "2563"]
[PlyCount "75"]
[EventDate "2019.09.05"]
[EventType "swiss (rapid)"]
[EventRounds "9"]
[EventCountry "GEO"]
[SourceTitle "EXT 2020"]
[Source "ChessBase"]
[SourceDate "2019.10.17"]
[SourceVersion "1"]
[SourceVersionDate "2019.10.17"]
[SourceQuality "1"]

1. Nf3 Nf6 2. c4 g6 3. g3 Bg7 4. Bg2 0-0 5. 0-0 d6 6. d4 Nbd7 7. Nc3 e5 8. h3 c6 9. e4 Qa5 10. Be3 Re8 11. d5 cxd5 12. cxd5 Nc5 13. Nd2 Bd7 14. a3 Na4 15. Nxa4 Bxa4 16. b3 Bd7 17. Nc4 Qa6 18. a4 Rec8 19. Re1 Rxc4 20. bxc4 Qxc4 21. Qc1 Qa6 22. Bf1 Qa5 23. Qd2 Qd8 24. Qb4 a5 25. Qb1 Qe8 26. Bb5 Bxb5 27. axb5 Nd7 28. Rc1 b6 29. Rc6 Qb8 30. Qc2 Bf8 31. Kg2 Nc5 32. Qc4 Ra7 33. Rd1 Rd7 34. h4 h5 35. Bxc5 dxc5 36. d6 Rxd6 37. Rdxd6 Bxd6 38. Qd5 1-0

[Event "Tbilisi Maia Cup rapid"]
[Site "Tbilisi"]
[Date "2019.09.06"]
[Round "8"]
[White "Morchiashvili, Bachana"]
[Black "Jojua, Davit"]
[Result "0-1"]
[WhiteElo "2320"]
[BlackElo "2563"]
[PlyCount "158"]
[EventDate "2019.09.05"]
[EventType "swiss (rapid)"]
[EventRounds "9"]
[EventCountry "GEO"]
[SourceTitle "EXT 2020"]
[Source "ChessBase"]
[SourceDate "2019.10.17"]
[SourceVersion "1"]
[SourceVersionDate "2019.10.17"]
[SourceQuality "1"]

1. d4 Nf6 2. Nf3 g6 3. c4 Bg7 4. Nc3 d6 5. e4 0-0 6. Be2 e5 7. 0-0 Nc6 8. d5 Ne7 9. Ne1 Nd7 10. Be3 f5 11. f3 f4 12. Bf2 g5 13. Rc1 h5 14. b4 Nf6 15. h3 Ng6 16. c5 Rf7 17. b5 b6 18. cxd6 cxd6 19. Nd3 Bh6 20. Nb4 Rg7 21. Nc6 Qe8 22. Kh1 g4 23. Rg1 gxh3 24. gxh3 Bxh3 25. a4 Kh7 26. a5 bxa5 27. b6 axb6 28. Nb5 Qd7 29. Bxb6 Nh4 30. Nxe5 dxe5 31. Rc7 Bg2+ 32. Rxg2 Rxg2 33. Bf1 Rg3 34. Bf2 Rag8 35. Bxg3 fxg3 36. Bg2 Rc8 37. Rxd7+ Nxd7 38. f4 exf4 39. Nd4 f3 40. Nxf3 Rc1 41. Qxc1 Bxc1 42. Nxh4 a4 43. Bf1 a3 44. Bc4 Ne5 45. Bb3 Bg5 46. Nf5 h4 47. Kg2 Nd3 48. Nxg3 hxg3 49. Kxg3 Kg6 50. d6 Bf4+ 51. Kf3 Bxd6 52. Ke3 Nc1 53. Bc4 Kf6 54. Kd4 Be5+ 55. Kd5 a2 56. Bxa2 Nxa2 57. Kc4 Ke6 58. Kc5 Nc3 59. Kc4 Nxe4 60. Kd3 Kd5 61. Ke3 Nc5 62. Kf3 Kd4 63. Ke2 Ke4 64. Kf2 Nd3+ 65. Ke2 Bf4 66. Kd1 Nb4 67. Ke2 Nd5 68. Kf2 Nc3 69. Kg2 Nd1 70. Kf1 Kf3 71. Ke1 Nc3 72. Kf1 Ne4 73. Kg1 Nf2 74. Kf1 Bh2 75. Ke1 Ne4 76. Kd1 Ke3 77. Kc2 Nd2 78. Kc3 Bd6 79. Kc2 Be5 0-1